000 00360 a2200157 4500
001 164744
020 _a
040 _cMagnum
100 _aOlic, Nelson Bacic
240 1 0 _aOriente medio: uma regiao de conflitos
_lpor
245 1 0 _aOriente medio: uma regiao de conflitos
362 0 _a1899
440 1 _aModerna
697 _aPARADIDATICO
942 _cBK
999 _c164744
_d164744